000 00815nam a2200265Ia 4500
001 21831
005 20260320113316.0
008 260320s9999||||xx |||||||||||||| ||und||
020 _a9786125225283
041 _aESP
082 _a779.36
_bZ55
100 _aZeballos Barrios, Carlos O.,
_eAUT
245 0 _aRetrospectiva del paisaje arequipeño
_b
246 _a
_5
_b
250 _aPrimera edición
260 _aArequipa :
_bUniversidad Católica de Santa María,
_c2025
300 _a39 páginas :
_bfotografías ;
_c20 cm.
_e
440 _a
_n
_v
650 _aABD
653 _aPaisaje - Arequipa (Perú) - Fotografías
654 _aCHU
700 _a
_c
856 _uhttps://0u20jluhe-y-https-www-jstor-org.itmsp.museknowledge.com/
_zVéase además: Base de datos JSTOR
942 _cLIB
_dJUS
_fMAT
_2ddc
_n
999 _c21831
_d21831